34 - 広島県の自治体(Text) - Statistics

General Stats
  • This quiz has been taken 12 times
  • The average score is 22 of 23
Answers on the Map
Answers color-coded by a green-red scale on the quiz's map according to % correct below.
 
Answer Stats
市町村 % Correct
安芸高田あきたかた
100%
尾道おのみち
100%
山県やまがたぐん 北広島きたひろしまちょう
100%
くれ
100%
安芸あきぐん さかちょう
100%
庄原しょうばら
100%
神石じんせきぐん 神石高原じんせきこうげんちょう
100%
東広島ひがしひろしま
100%
広島ひろしま
100%
福山ふくやま
100%
府中ふちゅう
100%
安芸あきぐん 府中ふちゅうちょう
100%
三原みはら
100%
三次みよし
100%
山県やまがたぐん 安芸太田あきおおたちょう
92%
江田島えたじま
92%
竹原たけはら
92%
廿日市はつかいち
92%
豊田とよたぐん 大崎上島おおさきかみじまちょう
83%
大竹おおたけ
83%
安芸あきぐん 海田かいたちょう
83%
安芸あきぐん 熊野くまのちょう
75%
世羅せらぐん 世羅せらちょう
67%
No matching quizzes found
Score Distribution
Percent of People with Each Score
Percentile by Number Answered
Your Score History
You have not taken this quiz